Tư duy về Nhà nước và pháp luật trong thời đại ngày nay /

Saved in:
Bibliographic Details
Main Author: Đào Trí Úc.
Format: Article
Language:Vietnamese
Subjects:
Tags: Add Tag
No Tags, Be the first to tag this record!
Institutions: Thư viện Trường Đại học Đà Lạt
LEADER 00771nam a2200265 4500
001 DLU180187792
005 ##20181011
040 # # |a DLU  |b vie 
041 # # |a vie 
044 # # |a vn 
100 # # |a Đào Trí Úc. 
245 # # |a Tư duy về Nhà nước và pháp luật trong thời đại ngày nay /  |c Đào Trí Úc. 
653 # # |a Hệ thống pháp luật 
653 # # |a Nhà nước 
653 # # |a Pháp luật 
773 # # |t Nhà nước và pháp luật  |g Số 7(351), 2017, tr. 16-24 
920 # # |a Phòng Tạp chí -- Trung tâm Thông tin - Thư viện Trường Đại học Đà Lạt 
994 # # |a DLU 
900 # # |a True 
911 # # |a Hoàng Thị Huyền 
925 # # |a G 
926 # # |a A 
927 # # |a BB 
980 # # |a Thư viện Trường Đại học Đà Lạt